000 00362nam a2200145Ia 4500
008 240624s9999 xx 000 0 und d
041 _aeng
082 _a332.67 SOL
100 _aSOLNIK BRUNO
245 _aGLOBAL INVESTMENTS
250 _a(6th ed.)
260 _c2009
_aBoston
_bPearson Prentice Hall
300 _axxiv, : 664 : p. : cm. ; 24
365 _c
_b30
999 _c14894
_d14894